000 01250nam1a22002651i 4500
001 rc\4826649
005 20240724155357.0
035 _a(NLR Aleph) 008885848
090 _a8611061
_c8611061
100 _a20130426g1967 |||y0rusy50 ca
101 0 _arus
102 _aRU
105 _ay z |||||
200 1 _aТаблицы амплитуд и фаз электромагнитного поля в слоистом пространстве
_e[Вып. 1-
_fМоск. гос. ун-т им. М.В. Ломоносова. Вычислит. центр. АН СССР. Геол. ин-т
210 _aМосква]
_cБ. и.
_d1967-
300 _aПеред загл. авт.: вып. 1 - А.Н. Тихонов, В.И. Дмитриев, О.А. Скугаревская, Д.Н. Шахсуваров; вып. 2 - А.Н. Тихонов, В.И. Дмитриев, О.А. Скугаревская
606 _aЭлектромагнитное поле
_xРасчет
_jТаблицы
_2psbo
701 1 _aДмитриев
_bВ.И.
701 1 _aСкугаревская
_bО.А.
701 1 _aТихонов
_bА.Н.
701 1 _aШахсуваров
_bД.Н.
801 0 _aRU
_bNLR
_gpsbo
801 1 _aRU
_bELAR
_2rusmarc
852 _aNLR
_j67-6/13347
942 _cBOOK